| 000 | 00563nab a2200181 4500 | ||
|---|---|---|---|
| 999 |
_c372388 _d372388 |
||
| 001 | 90031 | ||
| 003 | OSt | ||
| 005 | 20230420140359.0 | ||
| 007 | tu | ||
| 008 | 110905s2000||||||| | ||
| 040 |
_aDE-2950 _cDE-2950 |
||
| 245 | 0 | 0 |
_aNeue Zierde für den Lennépark. _bMit einem Jahr Verzögerung begannen im Februar die Bauarbeiten im nördlichen Lennépark. / _cFoto: Winfried Mausolf |
| 264 | _c2023 | ||
| 653 | _aFrankfurt (Oder) | ||
| 653 | _aLennépark | ||
| 773 | 0 |
_g34. Jahrgang (2023) Nr. 92, 20.04.2023, S. 1: mit Foto _tMärkische Oderzeitung |
|
| 942 |
_2z _cA |
||